International economics
Gardado en:
| Autor Principal: | |
|---|---|
| Formato: | Libro |
| Idioma: | inglés |
| Publicado: |
McGraw-Hill Education
2020
|
| Tags: |
Engadir etiqueta
Sen Etiquetas, Sexa o primeiro en etiquetar este rexistro!
|
MARC
| LEADER | 00000nam a22000007a 4500 | ||
|---|---|---|---|
| 008 | 230811b |||||||| |||| 00| 0 eng d | ||
| 020 | |a 9781260565539 | ||
| 100 | |a PUGEL, Thomas A. | ||
| 245 | |a International economics |c Thomas A.Pugel |g xxviii,766p;ill | ||
| 250 | |b 17th | ||
| 260 | |b McGraw-Hill Education |c 2020 |h New York |i 700520 |i 700521 |l HF1411.P97 |m International economics relations |m Commercial policy |m Foreign policy | ||
| 500 | |a it includes references and index | ||
| 942 | |a lcc |c BK |e Johnson |f 11/10/23 | ||
| 952 | |0 0 |1 0 |2 lcc |4 0 |6 HF1411 P97 |7 0 |9 4359 |a SSL |b HOL |c GJ |d 2023-08-11 |l 0 |o HF1411.P97 |p 2023-0284 |r 2023-08-11 00:00:00 |t 700520 |w 2023-08-11 |y BK | ||
| 952 | |0 0 |1 0 |2 lcc |4 0 |6 HF1411 P97 |7 0 |9 4360 |a HOL |b HOL |c GJ |d 2023-08-11 |l 0 |o HF1411.P97 |p 2023-0285 |r 2023-08-11 00:00:00 |t 700521 |w 2023-08-11 |y BK | ||
| 999 | |c 2190 |d 2190 | ||